000 01472cam a2200421 a 4500
001 21481
003 VRT
005 20260302135433.0
008 240318s2015 xr a b 000 1 slo
015 _aSNBZSA2016
020 _a9788073719081
_q(viazané)
035 _a2DDEBE15-7CEF-4EC9-9F73-9985940DF8F9
035 _aurn:nbn:sk:snk-amycv9
035 _aurn:nbn:sk:snk-am00chrc
039 9 _a202403182046
_bVLOAD
_c201712190749
_dVLOAD
_c201609121808
_dmsnk131
_c201604300517
_dVLOAD
040 _aPOKPOH
_bslo
_cPOKPOH
_dSNK
_eAACR2
041 1 _aslo
_hcze
044 _axr
_cCZ
072 7 _a821.162.3
_xČeská literatúra
_2konspekt
072 7 _a821-93
_xLiteratúra pre deti a mládež (beletria)
_2konspekt
080 _a821.162.3-34
_22011
080 _a82-93-053.2
_22011
100 1 _aPilařová, Ivana
_4aut
245 1 0 _aKde bolo, tam bolo
_c[napísala: Ivana Pilařová ; preklad: Marianna Strapcová ; ilustrácie: Petr Bauer]
250 _a1. vyd.
260 _aŘíčany
_bSUN
_c2015
300 _a157 s.
_bilustr.
_c30 cm
655 7 _ačeské rozprávky
_2SNKPH
655 7 _apublikácie pre deti
_2SNKPH
655 7 _aCzech fairy tales
_2SNKPHeng
655 7 _aChildren's literature
_2SNKPHeng
700 1 _aStrapcová, Marianna
_4trl
700 1 _aBauer, Petr,
_d1963-
_4ill
910 _apokpoh
910 _asnk
942 _2ddc
_cKLDE
_n0
949 _617A1180025
_asnkSB 89556
_bsnk2016/3595
_oPemic14-ah/14Int. č. fa – 3/2016
_s6100:20161212
999 _c21481
_d21481